Lincoln, Nebraska ZIP Codes (Map) - Statistics

General Stats
  • This quiz has been taken 7 times
  • The average score is 13 of 19
Answers on the Map
Answers color-coded by a green-red scale on the quiz's map according to % correct below.
 
Answer Stats
ZIP Code % Correct
68502
86%
68503
86%
68504
86%
68505
86%
68506
86%
68507
86%
68510
86%
68512
86%
68508
71%
68516
71%
68517
71%
68520
71%
68524
71%
68521
57%
68522
57%
68526
57%
68528
57%
68588
57%
68583
14%
No matching quizzes found
Score Distribution
Percent of People with Each Score
Percentile by Number Answered
Your Score History
You have not taken this quiz